Loading...

Theory of Mathematical Mechaines

Bibliographic Details
Main Author: Murray,Francis J.
Format: Printed Book
Language:English
Published: New York: Kings Crown Press, 1948.
Edition:IInd edition 1948.
Subjects:
LEADER 00668nam a22001694a 4500
008 150124n ii |||gr||||Z||||||eng
082 |a 510.78 MUR 
100 |a Murray,Francis J. 
245 1 |a Theory of Mathematical Mechaines  |h Textual Documents 
250 |a IInd edition 1948. 
260 |a New York:  |b Kings Crown Press,  |c 1948. 
300 |a ix;139p.:  |e 00680. 
630 |a Mathematics,Digital Machines,The SOlution of Problems. 
852 |t 1  |p STA00680  |b General   |k 510.78 MUR  |f 00000  |c Shelf - 21 
942 |c BK 
999 |c 220575  |d 220575 
952 |0 0  |1 0  |4 0  |6 510_780000000000000_MUR  |7 0  |9 234716  |a STA  |b STA  |c Shelf - 21  |d 2019-12-11  |l 0  |o 510.78 MUR  |p STA00680  |r 2019-12-11  |t 1  |w 2019-12-11  |y BK